| 000 | 00590 a2200181 4500 | ||
|---|---|---|---|
| 003 | Nust | ||
| 005 | 20221230123932.0 | ||
| 040 | _cNust | ||
| 082 | _a355.309549,PAK | ||
| 100 |
_aIqbal, khushund _9106475 |
||
| 245 |
_aPakistan Army Green Book -2013 / _cGHQ Rawalpindi |
||
| 260 |
_aRawalpindi _bGHQ _c2013 |
||
| 300 | _aiii,253p | ||
| 505 | _aPart I: National Security Issues (Page-1), Part II: Hardcore Professional Subjects (Page-135), Part III: Miscellaneous (Page-235). | ||
| 650 |
_a Pak-Army _9106476 |
||
| 651 |
_aGreen Book 2013 _9106477 |
||
| 942 |
_cBK _2ddc _k355.309549,PAK |
||
| 999 |
_c213164 _d213164 |
||